[Event "Stockholm"]
[Site "Stockholm"]
[Date "1991.??.??"]
[Round "?"]
[White "Johansson, Gunnar"]
[Black "Svenn, Gosta"]
[Result "0-1"]
[WhiteElo "2290"]
[BlackElo "2335"]

1.e4 c5 2.Nf3 e6 3.d4 cxd4 4.Nxd4 a6 5.Nc3 Nc6 6.Nxc6 bxc6 7.e5 Qc7 8.f4 d5
9.exd6 Bxd6 10.Ne4 Be7 11.Bc4 Nf6 12.Qe2 Nxe4 13.Qxe4 O-O 14.O-O Bf6 15.c3 Bb7
16.Qe2 c5 17.Be3 Qc6 18.Rad1 Rad8 19.Bb3 g6 20.Rxd8 Rxd8 21.Rd1 Rxd1+ 22.Bxd1 c4
23.Qd2 Qb5 24.Be2 Qa4 25.a3 Bd5 26.Bf1 Qc6 27.Bd4 Be7 28.Qe3 f6 29.h3 Kf7
30.Kh2 Bd6 31.g3 h5 32.h4 Qb5 33.Qf2 Qb3 34.Qe2 Qa2 35.Kh3 Qb1 36.Bg2 Qf5+
37.Kh2 Kg7 38.Bxd5 Qxd5 39.Qe3 e5 40.fxe5 fxe5 41.Bb6 Qd3 42.Bc5 Qxe3 43.Bxe3 Kf6
44.Kg2 Kf5 45.Kf3 e4+ 46.Kg2 Kg4 47.Bf2 e3 48.Be1 Be5  0-1

[Event "SWZ-GP"]
[Site "Suhr"]
[Date "1991.??.??"]
[Round "5"]
[White "Kamber, Bruno"]
[Black "Gheorghiu, Florin"]
[Result "0-1"]
[WhiteElo "2270"]
[BlackElo "2495"]

1.e4 c5 2.Nf3 e6 3.d4 cxd4 4.Nxd4 a6 5.Nc3 Qc7 6.Bd3 Nc6 7.Nxc6 dxc6 8.f4 e5
9.fxe5 Ne7 10.O-O Ng6 11.Bc4 Nxe5 12.Bb3 Bd6 13.Bf4 O-O 14.Qe1 Be6 15.Qg3 Bxb3
16.axb3 Rad8 17.Rad1 f6 18.Qh3 Qe7 19.Kh1 Nf7 20.Be3 Bb4 21.Bb6 Rxd1 22.Rxd1 Bd6
23.Qf5 Re8 24.Rd3 Ng5 25.e5 Qxe5 26.Qxe5 Bxe5 27.h4 Bxc3 28.bxc3 Ne4 29.Rd7 Nxc3
30.Rxb7 Re2 31.h5 Rxc2 32.Rb8+ Kf7 33.Rb7+ Kg8 34.Rb8+ Kf7 35.Rb7+ Ke6 36.Rxg7 Nd5
37.Ba7 h6 38.Rg6 Rb2 39.Rxh6 Rxb3 40.Rh8 Kf5 41.h6 Rb7 42.Bc5 Kg6 43.Ra8 Kxh6
44.Rxa6 Rc7 45.Ra8 Kg6 46.Kg1 Nc3 47.Bb6 Rb7 48.Ra6 Ne4 49.Kf1 c5 50.Ke2 Kf5
51.Kd3 Rd7+ 52.Ke3 Re7 53.Ra5 Kg4 54.Ra4 f5 55.Ra8 Re6 56.Bc7 Nf6+ 57.Kd3 c4+
58.Kd4 Re4+ 59.Kc5 c3 60.Ra3 Re2 61.g3 Ne4+  0-1

[Event "Taby op"]
[Site "Taby"]
[Date "1991.??.??"]
[Round "?"]
[White "Vodicka, Vlastimil"]
[Black "Nordstrom, Felix"]
[Result "1-0"]
[WhiteElo "2330"]
[BlackElo "2235"]

1.e4 c5 2.Nf3 e6 3.d4 cxd4 4.Nxd4 a6 5.Nc3 Qc7 6.Be2 Nf6 7.a3 Be7 8.Be3 O-O
9.f4 d6 10.g4 Nc6 11.g5 Nd7 12.Qd2 Nxd4 13.Bxd4 b5 14.f5 Ne5 15.f6 gxf6 16.h4 Bb7
17.O-O-O f5 18.exf5 Bxh1 19.Rxh1 Qb7 20.Rg1 Rab8 21.f6 Bd8 22.Bxe5 dxe5 23.Bd3 Bb6
24.Qe2  1-0

[Event "Teheran op"]
[Site "Teheran"]
[Date "1991.??.??"]
[Round "6"]
[White "Bajarany, Ilgar"]
[Black "Vasiukov, Evgeni"]
[Result "1/2-1/2"]
[WhiteElo "2255"]
[BlackElo "2500"]

1.e4 c5 2.Nf3 e6 3.Nc3 a6 4.d4 cxd4 5.Nxd4 Qc7 6.Be2 Nf6 7.O-O Nc6 8.Kh1 Be7
9.f4 d6 10.Be3 O-O 11.Bd3 Na5 12.Qf3 Nc4 13.Bxc4 Qxc4 14.e5 Nd7 15.Qg3 f5
16.exf6 Nxf6 17.Bg1 Bd7 18.b3 Qc8 19.Rae1 e5 20.fxe5 dxe5 21.Na4 Qc7 22.Nf5 Bxf5
23.Rxf5 Qxc2 24.Qxe5 Bb4 25.Ref1  1/2-1/2

[Event "Teheran op"]
[Site "Teheran"]
[Date "1991.??.??"]
[Round "8"]
[White "Bajarany, Ilgar"]
[Black "Bobotsov, Milko G"]
[Result "1-0"]
[WhiteElo "2255"]
[BlackElo "2405"]

1.e4 c5 2.Nf3 e6 3.d4 cxd4 4.Nxd4 a6 5.Nc3 Nc6 6.Nxc6 bxc6 7.e5 Qc7 8.f4 d5
9.exd6 Bxd6 10.Ne4 Be7 11.Bd3 Nf6 12.O-O Bb7 13.Qe2 c5 14.Nd2 Nd5 15.Nc4 Nb4
16.f5 Nxd3 17.cxd3 exf5 18.Bf4 Qd7 19.Rae1 Kf8 20.Nb6 Qd8 21.Nxa8 Bxa8 22.Be5 Qd5
23.Rxf5 Kg8 24.Qg4  1-0

[Event "Torcy op"]
[Site "Torcy"]
[Date "1991.??.??"]
[Round "?"]
[White "Barlov, Dragan"]
[Black "Kovacevic, Slobodan"]
[Result "0-1"]
[WhiteElo "2505"]
[BlackElo "2370"]

1.e4 c5 2.Nf3 e6 3.Nc3 a6 4.d4 cxd4 5.Nxd4 Qc7 6.g3 Bb4 7.Bd2 Nc6 8.Nxc6 dxc6
9.Qg4 Bf8 10.f4 Nf6 11.Qf3 e5 12.f5 b5 13.g4 h6 14.h4 Bb7 15.Rh3 O-O-O 16.g5 Nd7
17.O-O-O Kb8 18.Ne2 c5 19.f6 gxf6 20.gxh6 Bxh6 21.Bxh6 Rxh6 22.Ng3 c4 23.h5 Rhh8
24.Bg2 Qb6 25.Rhh1 Nc5 26.Rxd8+ Rxd8 27.h6 Rh8 28.h7 Ka7 29.Kb1 b4 30.Qg4 Na4
31.Ne2 b3 32.cxb3 cxb3 33.a3 Qd8 34.Qf3 Qd2 35.Qxb3 Qxe2 36.Bf3 Bxe4+ 37.Ka2 Qxf3
38.Qxf7+ Bb7  0-1

[Event "Torcy op"]
[Site "Torcy"]
[Date "1991.??.??"]
[Round "?"]
[White "Plachetka, Jan"]
[Black "Barlov, Dragan"]
[Result "1/2-1/2"]
[WhiteElo "2425"]
[BlackElo "2505"]

1.e4 c5 2.Nf3 e6 3.Nc3 a6 4.d4 cxd4 5.Nxd4 Qc7 6.Bd3 Nf6 7.f4 Bb4 8.O-O Bc5
9.Ne2 d6 10.Kh1 Nbd7 11.c3 O-O 12.Ng3 b5 13.Bd2 Bb7 14.Qe2 Ba7 15.Rae1 Rad8
16.Bb1 Qc4 17.Bd3 Qc7 18.Nh5 d5 19.e5 Ne4 20.Bxe4 dxe4 21.Qg4 g6 22.Re3 Qc4
23.Rfe1 f5 24.Qg5 Rde8 25.h4 Qc5 26.Nf6+ Rxf6 27.exf6 Qf8 28.h5 Qxf6 29.Rg3 Qxg5
30.Rxg5 Kf7 31.Re3 Nf6 32.hxg6+ hxg6 33.Rh3 Bd5 34.Be3 Bb8 35.a3 Bd6 36.Kg1 Be7
37.Ne2 Bc4 38.Nd4 Bd5 39.Ne2 Bc4 40.Nd4 Nh5 41.Rgxh5 gxh5 42.Rxh5 Kg6 43.Rh3 Rc8
44.Kf2 Bf6 45.Rg3+ Kf7 46.Rh3 Bg7 47.g4 fxg4 48.Rh4 Rg8 49.Kg3 Bf6 50.Rxg4 Rh8
51.Kg2 Rh5 52.Rg3 e5 53.fxe5 Bxe5 54.Rg5 Rxg5+ 55.Bxg5 Kg6 56.Be3 Kh5 57.Kf2 Kg4
58.Ke1 Kh3 59.Kd2 Kg2 60.b3 Bd5 61.b4 Bc4 62.Nf5 Kf3 63.Nd4+ Kg4 64.Nc6 Bg3
65.Nd4 Bf7 66.Ne2 Bc7 67.Nd4 Bc4 68.Bg1 Bf4+ 69.Be3 Bg3 70.Nc2 Kf5 71.Bb6 Bf4+
72.Be3 Bc7 73.Bg1 Ke6 74.Bc5 Bd3 75.Ne3 Bf4 76.Ba7 Kf6 77.Bb6 Ke7 78.Bc5+ Ke6
79.Bb6 Bb8 80.Bd8 Ke5 81.Bb6 Kf4 82.Bc5  1/2-1/2

[Event "Torcy op"]
[Site "Torcy"]
[Date "1991.??.??"]
[Round "?"]
[White "Boudre, Jean Pierre"]
[Black "Spraggett, Kevin"]
[Result "1/2-1/2"]
[WhiteElo "2365"]
[BlackElo "2495"]

1.e4 c5 2.Nf3 e6 3.d4 cxd4 4.Nxd4 a6 5.Nc3 Qc7 6.g3 Bb4 7.Ne2 Nf6 8.Bg2 Be7
9.O-O O-O 10.Nf4 d6 11.Nd3 Nc6 12.f4 Nd7 13.Be3 Re8 14.Kh1 Bf8 15.Bg1 b6
16.Qd2 Bb7 17.Rad1 Na5 18.f5 Nf6 19.fxe6 fxe6 20.Qe2 b5 21.e5 dxe5 22.Nxe5 Bxg2+
23.Kxg2 Rac8 24.Ng4 Nxg4 25.Qxg4 Nc4 26.Ne4 Kh8 27.Kh3 Nxb2 28.Ng5 Nxd1 29.Nf7+ Kg8
30.Nh6+ Kh8 31.Nf7+ Kg8 32.Nh6+  1/2-1/2

[Event "Torcy op-B"]
[Site "Torcy"]
[Date "1991.??.??"]
[Round "?"]
[White "Scheer, P."]
[Black "Moulimard, D."]
[Result "1-0"]
[WhiteElo "1920"]
[BlackElo "2090"]

1.e4 c5 2.Nf3 e6 3.d4 cxd4 4.Nxd4 a6 5.Nc3 Qc7 6.Be2 Nc6 7.O-O Nf6 8.Be3 Bb4
9.f3 O-O 10.Qe1 d5 11.Nxc6 bxc6 12.Qh4 Be7 13.Qf2 Rb8 14.b3 e5 15.Ba7 Qa5
16.Na4 Rb4 17.c3 Rb7 18.Bc5 dxe4 19.Bxe7 Rxe7 20.fxe4 Qd8 21.Rad1 Rd7 22.Rxd7 Qxd7
23.Rd1 Qc7 24.Qe3 Bg4 25.Bxg4 Nxg4 26.Qb6 Qe7 27.h3 Nf6 28.Qc5 Qe6 29.Rd6 Nxe4
30.Rxe6 Nxc5 31.Rxc6 Nxa4 32.bxa4 Ra8 33.g4 h6 34.a5 Kh7 35.Kf2 f6 36.Ke3 Kg6
37.Rc7 Rb8 38.Rc6 Rb2 39.Rxa6 Rxa2 40.Ra7 Rh2 41.c4 Rxh3+ 42.Ke4 Rg3 43.c5 Rxg4+
44.Kd5 Rd4+ 45.Kc6 f5 46.a6 f4 47.Rd7 f3 48.a7 f2 49.a8=Q f1=Q 50.Qe8+ Kh7
51.Rxd4 Qa6+ 52.Kd5 exd4 53.Qe4+ Kg8 54.Qxd4  1-0

[Event "Val Thorens op"]
[Site "Val Thorens"]
[Date "1991.??.??"]
[Round "?"]
[White "Cosma, Elena Luminita"]
[Black "Avshalumov, Alex"]
[Result "0-1"]
[WhiteElo "2270"]
[BlackElo "2475"]

1.e4 c5 2.Nf3 e6 3.d4 cxd4 4.Nxd4 a6 5.Nc3 b5 6.a3 Bb7 7.g3 Nf6 8.Bg2 d6
9.O-O Nbd7 10.Qe2 Be7 11.Nb3 Qc7 12.Bf4 O-O 13.Rfd1 Ne5 14.Nd2 Rac8 15.Nf1 Nfd7
16.Bxe5 Nxe5 17.Ne3 Rfd8 18.h3 Qb8 19.f4 Nc4 20.Nxc4 Rxc4 21.a4 Rdc8 22.axb5 axb5
23.Rd2 Qc7 24.Kh2 Qb6 25.Nd1 b4 26.c3 g6 27.Qe3 Qxe3 28.Nxe3 bxc3 29.Rc2 Bxe4
30.Rxc3 Rxc3 31.bxc3 Bxg2 32.Kxg2 Rxc3 33.Ng4 h5 34.Nf2 h4  0-1

[Event "Wuerttemberg-ch"]
[Site "Zell"]
[Date "1991.??.??"]
[Round "1"]
[White "Heidenfeld, Mark"]
[Black "Krockenberger, Martin"]
[Result "1/2-1/2"]
[WhiteElo "2280"]
[BlackElo "2315"]

1.e4 c5 2.Nc3 e6 3.Nf3 a6 4.d4 cxd4 5.Nxd4 Qc7 6.Bd3 b5 7.O-O Bb7 8.Re1 Nc6
9.Nxc6 Qxc6 10.Bf4 Nf6 11.Qf3 Bb4 12.Be5 Rc8 13.Re3 Qc5 14.Bg3 Qh5 15.Qxh5  1/2-1/2

[Event "Aarhus-A"]
[Site "Aarhus"]
[Date "1992.??.??"]
[Round "4"]
[White "Kristensen, Jorgen Juul"]
[Black "Nielsen, Uffe V"]
[Result "1/2-1/2"]
[WhiteElo "2325"]
[BlackElo "2295"]

1.e4 c5 2.Nf3 e6 3.d4 cxd4 4.Nxd4 a6 5.Nc3 Qc7 6.Be2 Nf6 7.O-O Nc6 8.Be3 Be7
9.f4 d6 10.Kh1 O-O 11.Qe1 Bd7 12.Qg3 Kh8 13.Rad1 Be8 14.a3 Nd7 15.f5 Nxd4
16.Bxd4 Ne5 17.Bd3 Bf6 18.Ne2 Qe7 19.Nf4 Bd7 20.Nh5 Rg8 21.Nxf6 gxf6 22.Qh3 Rg7
23.Rd2 Rag8 24.Rfd1 exf5 25.exf5 Bc6 26.Bf1 Be4 27.Bxe5 dxe5 28.Qe3 Bxf5
29.c4 Bg4 30.Re1 Rd8 31.Rxd8+ Qxd8 32.b4 Rg8 33.a4 Qc7  1/2-1/2

[Event "Ajka op"]
[Site "Ajka"]
[Date "1992.??.??"]
[Round "5"]
[White "Sutovskij, Emil"]
[Black "Kozlov, Oleg"]
[Result "1/2-1/2"]
[WhiteElo "2265"]
[BlackElo "2400"]

1.e4 c5 2.Nf3 e6 3.d4 cxd4 4.Nxd4 a6 5.Nc3 b5 6.Be3 Bb7 7.Bd3 d6 8.a3 Nf6
9.O-O Nbd7 10.f4 Be7 11.Qf3 Nc5 12.b4 Nxd3 13.cxd3 O-O 14.g4 Nd7 15.g5 g6
16.Qg3 e5 17.Nde2 exf4 18.Nxf4 Bxg5 19.Ncd5 Bh4 20.Qh3 Bg5 21.Rf2 Ne5 22.Bb6 Qc8
23.Bc7 Bxd5 24.Qxc8 Raxc8 25.Nxd5 Rxc7 26.Nxc7 Be3 27.Kf1 Bxf2 28.Kxf2 Nxd3+
29.Ke3 Ne5 30.Nxa6 Ra8 31.Nc7 Rxa3+ 32.Rxa3 Nc4+ 33.Kd4 Nxa3 34.Kc3 Kf8 35.Kb2 Nc4+
36.Kc3 Ke7 37.Nxb5 Nb6 38.Kd4 f6 39.Nc3 Kd7 40.b5 Ke6 41.Ne2 g5 42.Ng3 d5
43.exd5+ Nxd5 44.Ne4 Nb6 45.Kc5 Nd7+ 46.Kc6 h5 47.Nc5+ Nxc5 48.Kxc5 Kd7 49.Kb6 f5
50.Ka7 f4 51.b6 f3 52.b7 f2 53.b8=Q f1=Q 54.Qb7+ Ke6 55.Qc6+ Kf7 56.Qd5+ Kf6
57.Qd8+ Ke6 58.Qe8+ Kd5 59.Qxh5 Qa1+ 60.Kb8 Qb2+ 61.Kc8 Qc1+ 62.Kd7 Qf4  1/2-1/2

[Event "Altensteig"]
[Site "Altensteig"]
[Date "1992.??.??"]
[Round "2"]
[White "Vogt, Lothar"]
[Black "Schlosser, Philipp"]
[Result "1/2-1/2"]
[WhiteElo "2530"]
[BlackElo "2500"]

1.e4 c5 2.Nf3 e6 3.d4 cxd4 4.Nxd4 a6 5.Nc3 d6 6.Be2 b5 7.O-O Bb7 8.Bf3 Nd7
9.a4 b4 10.Na2 a5 11.c3 bxc3 12.Nxc3 Ngf6 13.Ndb5 Ne5 14.Bg5 Be7 15.Qe2 O-O
16.Rad1 Ra6 17.Bf4 Qb8 18.Qe3 Nc4 19.Qe2 Ne5 20.Qe3 Nc4 21.Qe2  1/2-1/2

[Event "Amantea op"]
[Site "Amantea"]
[Date "1992.??.??"]
[Round "?"]
[White "Bellia, Fabrizio"]
[Black "Farago, Ivan"]
[Result "0-1"]
[WhiteElo "2285"]
[BlackElo "2520"]

1.e4 c5 2.Nf3 e6 3.d4 cxd4 4.Nxd4 a6 5.Nc3 Qc7 6.Be2 Bb4 7.O-O Nf6 8.Be3 Bxc3
9.bxc3 d6 10.Bd3 b6 11.Qf3 Nbd7 12.Qg3 Bb7 13.f3 g6 14.c4 Ne5 15.Rab1 Nfd7
16.Rb4 Nc5 17.Rfb1 Ned7 18.h4 O-O-O 19.Ne2 Kb8 20.Nc3 Ka8 21.Na4 Nxa4 22.Rxa4 Rb8
23.Kh1 Nc5 24.Rab4 Bc8 25.Qe1 e5 26.Bf1 Be6 27.Rd1 f6 28.Qd2 Rhd8 29.Qc1 Ka7
30.Qa3 h6 31.Kg1 g5 32.hxg5 hxg5 33.g4 Rh8 34.Bg2 Rb7 35.Rd2 a5 36.Bf1 Kb8
37.Rb1 Qh7 38.Bg2 Qh2+ 39.Kf1 Bxc4+ 40.Ke1 Qg3+  0-1

[Event "Akropolis"]
[Site "Athens"]
[Date "1992.??.??"]
[Round "4"]
[White "Pandavos, Panayotis"]
[Black "Raicevic, Vladimir"]
[Result "1-0"]
[WhiteElo "2340"]
[BlackElo "2420"]

1.e4 c5 2.Nf3 e6 3.d4 cxd4 4.Nxd4 a6 5.Nc3 Qc7 6.g3 Bb4 7.Ne2 Nf6 8.Bg2 Nc6
9.O-O O-O 10.Bf4 Ne5 11.Qd4 Bd6 12.Rad1 Ne8 13.Qxd6 Nxd6 14.Bxe5 Qb6 15.Bxd6 Qxb2
16.Rb1 Qxc2 17.Rfc1 Qd2 18.Rd1 Qg5 19.f4 Qa5 20.e5 f6 21.Rd4 fxe5 22.Ra4 Qd8
23.fxe5 Ra7 24.Bxf8 Qxf8 25.Rf4 Qc5+ 26.Kh1 Qxe5 27.Rbf1 Qc5 28.Na4 Qa3 29.Nb6 g5
30.Rc4 Qb2 31.Nxc8 Qxe2 32.Re4 Qc2 33.Nxa7 Qc5 34.h4 Qxa7 35.Re5 h6 36.hxg5 Qd4
37.Re4 Qg7 38.gxh6 Qxg3 39.Rf3 Qg5 40.Ref4 Qxh6+ 41.Kg1 Qg7 42.Kh2 Qh6+ 43.Kg3  1-0

[Event "AUT-chT"]
[Site "AUT"]
[Date "1992.??.??"]
[Round "?"]
[White "Hamberger, Hermann"]
[Black "Theuretzbacher, Klaus"]
[Result "1/2-1/2"]
[WhiteElo "2260"]
[BlackElo "2210"]

1.e4 c5 2.Nf3 e6 3.d4 cxd4 4.Nxd4 a6 5.Nc3 b5 6.Bd3 d6 7.O-O Nf6 8.Qe2 Qc7
9.f4 b4 10.Nd1 Nbd7 11.Bd2 Be7 12.Nf2 Rb8 13.c3 bxc3 14.Bxc3 Qb6 15.Kh1 O-O
16.b4 Re8 17.a3 Bf8 18.Nf3 e5 19.fxe5 Nxe5 20.Nxe5 dxe5 21.Nd1 Qc6 22.Rc1 Bb7
23.Bd2  1/2-1/2

[Event "AUT-chT"]
[Site "AUT"]
[Date "1992.??.??"]
[Round "?"]
[White "Felsberger, Alfred"]
[Black "Denk, Adolf"]
[Result "*"]
[WhiteElo "2315"]
[BlackElo "2255"]

1.e4 c5 2.Nf3 e6 3.d4 cxd4 4.Nxd4 a6 5.Nc3 g6 6.Be3 Bg7 7.Be2 Ne7 8.a4 d5
9.exd5 Nxd5 10.Nxd5 Qxd5 11.O-O O-O 12.c3 Nd7 13.a5 Ne5 14.Qb3 Bd7 15.f4 Nc6
16.Qxd5 exd5 17.Rfd1 Rfe8 18.Kf2 Bxd4 19.Bxd4 Rxe2+ 20.Kxe2 Bg4+ 21.Kf2 Bxd1
22.Rxd1 Nxa5 23.Bc5 Nc4 24.b3 Rc8 25.Rxd5 Nd2 26.Rxd2 Rxc5 27.c4 b5 28.Rc2 bxc4
29.bxc4 Kf8 30.Ke3 Ke7 31.Kd4 Kd6 32.Rb2 Rc7 33.Rb6+ Rc6 34.Rb8 h5 35.Rd8+ Ke6
36.c5  *

[Event "Aviles"]
[Site "Aviles"]
[Date "1992.??.??"]
[Round "?"]
[White "Mitkov, Nikola"]
[Black "Cacho Reigadas, Sergio"]
[Result "1/2-1/2"]
[WhiteElo "2470"]
[BlackElo "2370"]

1.e4 c5 2.Nc3 e6 3.Nf3 a6 4.d4 cxd4 5.Nxd4 Qc7 6.a3 Nf6 7.f4 d6 8.Be3 Be7
9.Qf3 O-O 10.Bd3 Nc6 11.O-O Nxd4 12.Bxd4 e5 13.Be3 exf4 14.Qxf4 Be6 15.Nd5 Bxd5
16.exd5 g6 17.Qd4 Rfe8 18.Bh6 Qc5 19.Qxc5 dxc5 20.d6 Ng4 21.Bf4 Bf6 22.c3 Rad8
23.Bc4 Kg7 24.Rae1 Rxe1 25.Rxe1 g5 26.Bg3 h5 27.Be2 Be5 28.Bxe5+ Nxe5 29.Bxh5 Kf6
30.Rd1 Ke6 31.Be2 Rxd6 32.Rxd6+ Kxd6 33.Kf2 f5 34.g3 Ng4+ 35.Kg2 Nh6 36.Bf3 b6
37.Be2 a5 38.Kf3 Ke5 39.Bc4 Ng4 40.h3 Nf6 41.h4 g4+ 42.Kf2 f4 43.gxf4+ Kxf4
44.Be6 g3+ 45.Kg2 Ng4 46.Bxg4 Kxg4 47.h5 Kxh5 48.Kxg3 Kg5 49.Kf3 Kf5 50.Ke3 Ke5
51.Kd3 Kd5 52.a4 c4+  1/2-1/2

[Event "Baden-Baden-B"]
[Site "Baden-Baden"]
[Date "1992.??.??"]
[Round "10"]
[White "Mainka, Romuald"]
[Black "Bischoff, Klaus"]
[Result "1/2-1/2"]
[WhiteElo "2550"]
[BlackElo "2510"]

1.e4 c5 2.Nf3 e6 3.d4 cxd4 4.Nxd4 a6 5.Nc3 Qc7 6.Bd3 Nf6 7.O-O Bc5 8.Nb3 Be7
9.f4 d6 10.Qf3 Nbd7 11.a4 b6 12.Bd2 Bb7 13.Rae1 O-O 14.Qh3 Rad8 15.f5 exf5
16.Nd5 Nxd5 17.exd5 Ne5 18.Nd4 Bf6 19.Nxf5 Nxd3 20.Qxd3 Qc5+ 21.Be3 Qxd5
22.Qxd5 Bxd5 23.Nh6+ gxh6 24.Rxf6 Rfe8 25.Rxh6 b5 26.axb5 axb5 27.Rh4 Re4
28.Rxe4 Bxe4 29.c3 f5 30.Bd4 Kf7  1/2-1/2

[Event "BUL-chT (Women)"]
[Site "Bankia"]
[Date "1992.??.??"]
[Round "?"]
[White "Savova, Stefka"]
[Black "Danova, Tanja"]
[Result "1-0"]
[WhiteElo "2140"]
[BlackElo "2120"]

1.e4 c5 2.Nf3 e6 3.d4 cxd4 4.Nxd4 a6 5.Nc3 Qc7 6.g3 Nf6 7.Bg2 d6 8.O-O Be7
9.Re1 O-O 10.a4 Nc6 11.Nxc6 bxc6 12.Qe2 Nd7 13.a5 Bb7 14.b4 Bf6 15.Ra3 Rfd8
16.Be3 d5 17.Rd1 Be7 18.Rb3 c5 19.bxc5 Bxc5 20.exd5 Bxe3 21.Rxb7 Qxc3 22.Qxe3 Qxc2
23.Rc1 Qa4 24.dxe6 Nf6 25.exf7+ Kh8 26.Rcc7 Rab8 27.Bc6 Rd1+ 28.Kg2  1-0

[Event "BUL-chT"]
[Site "Bankia"]
[Date "1992.??.??"]
[Round "1"]
[White "Dimitrov, Vladimir"]
[Black "Spassov, Liuben"]
[Result "1/2-1/2"]
[WhiteElo "2405"]
[BlackElo "2405"]

1.e4 c5 2.Nf3 e6 3.d4 cxd4 4.Nxd4 a6 5.Nc3 Qc7 6.g3 Bb4 7.Bd2 Nf6 8.Bg2 Nc6
9.Nxc6 dxc6 10.O-O O-O 11.Qe2 e5 12.h3 a5 13.a3 Be7 14.Rfd1 Be6 15.f4 b5
16.f5 Bc4 17.Qf3 b4 18.Ne2 bxa3 19.bxa3 Rfd8 20.g4 h6 21.Ng3 Rd7 22.g5 hxg5
23.Bxg5 Rxd1+ 24.Rxd1 Rd8 25.Kh2 Rxd1 26.Qxd1 Qd6 27.Qxd6 Bxd6 28.Bc1 Bc5
29.Bf3 a4 30.Kg2 Ne8 31.Ne2 Nd6 32.Nc3 Bb5 33.Nb1 Nc4 34.Be2 Be3 35.Bxc4 Bxc1
36.Bd3 Bb2 37.Kf3 Kf8 38.Ke3 Ke7 39.Kd2 Bd4 40.Nc3  1/2-1/2

[Event "BEL-ch"]
[Site "BEL"]
[Date "1992.??.??"]
[Round "10"]
[White "Vetemaa, Juri"]
[Black "Meulders, Richard"]
[Result "1-0"]
[WhiteElo "2390"]
[BlackElo "2385"]

1.e4 c5 2.Nf3 e6 3.d4 cxd4 4.Nxd4 a6 5.Nc3 Qc7 6.g3 Bb4 7.Ne2 Nf6 8.Bg2 Be7
9.O-O Nc6 10.h3 O-O 11.Be3 d6 12.Na4 Nd7 13.c4 b6 14.Nac3 Bb7 15.Rc1 Nce5
16.b3 Rfe8 17.f4 Ng6 18.Nd4 Rac8 19.h4 Qb8 20.h5 Ngf8 21.h6 g6 22.Nde2 b5
23.cxb5 axb5 24.Nxb5 Rxc1 25.Qxc1 Bxe4 26.Bxe4 Qxb5 27.Bf3 d5 28.Nd4 Qa6
29.Rf2 Ba3 30.Qc3 Rc8 31.Nc6 f6 32.Rc2 Kh8 33.Be2 Qa8 34.b4 e5 35.fxe5 Nxe5
36.b5 Nfd7 37.Qb3 Bf8 38.Qxd5 g5 39.Qe6 Re8 40.Qf5 Qa3 41.Bf2 Bxh6 42.Nxe5 Nxe5
43.Rc8 Qf8 44.Rxe8 Qxe8 45.Qxf6+ Bg7 46.Qxg5 Qa8 47.b6 h6 48.Qd2 Qe4 49.a3 Qb1+
50.Qd1 Qe4 51.a4 Qb4 52.Qd8+ Kh7 53.Bd3+ Nxd3 54.Qxd3+ Kg8 55.Qd5+  1-0

[Event "Berliner Sommer"]
[Site "Berlin"]
[Date "1992.??.??"]
[Round "?"]
[White "Korneev, Oleg"]
[Black "Lehmann, Karl Heinz"]
[Result "1-0"]
[WhiteElo "2475"]
[BlackElo "2315"]

1.e4 c5 2.Nf3 e6 3.d4 cxd4 4.Nxd4 a6 5.Nc3 Nc6 6.Nxc6 bxc6 7.Bd3 d5 8.O-O Nf6
9.Re1 Bb7 10.b3 Bb4 11.Bd2 O-O 12.e5 Nd7 13.Qg4 c5 14.a3 Bxc3 15.Bxc3 Re8
16.Bd2 f5 17.exf6 Nxf6 18.Qf4 Ne4 19.Bxe4 dxe4 20.Be3 e5 21.Qg4 Qc8 22.Qe2 Bd5
23.Red1 Be6 24.Rd6 c4 25.b4 Qb7 26.h3 a5 27.Rb6 Qd7 28.b5 Red8 29.Rc6 a4
30.Qh5 Bf7 31.Qxe5 Re8 32.Qc3 Rab8 33.Rb1 Rxb5 34.Rxb5 Qxc6 35.Rg5 Bg6 36.Rc5 Qd6
37.Qxc4+ Bf7 38.Qxa4 h5 39.h4 Rb8 40.g3 Qd1+ 41.Kh2 Qf3 42.Qa6 Rb1 43.Qc8+ Kh7
44.Qf5+ Qxf5 45.Rxf5 Bg6 46.Ra5 Bf7 47.Ra4 Ra1 48.c4 Be6 49.c5 Bg4 50.c6 Bf3
51.g4 Bxg4 52.c7 Ra2 53.Rxe4 Rc2 54.Re7 Kg8 55.Bb6 Kf8 56.Re4 Rc6 57.a4 Rxb6
58.Rxg4 Rc6 59.Rf4+ Ke7 60.a5 Rxc7 61.Ra4 Ra7 62.a6 Kf7  1-0

[Event "Berliner Sommer"]
[Site "Berlin"]
[Date "1992.??.??"]
[Round "?"]
[White "Erneste, Inguna"]
[Black "Agrest, Evgenij"]
[Result "1-0"]
[WhiteElo "2365"]
[BlackElo "2470"]

1.e4 c5 2.Nf3 e6 3.d4 cxd4 4.Nxd4 a6 5.Nc3 d6 6.Be2 Nf6 7.O-O Nbd7 8.f4 b5
9.Bf3 Bb7 10.a3 Rc8 11.Kh1 Rc4 12.Be3 Qc7 13.Qe1 Be7 14.Qg3 Rxc3 15.bxc3 Nxe4
16.Qe1 O-O 17.Bg1 Ndf6 18.a4 bxa4 19.Rxa4 d5 20.Ne2 Nd6 21.Bd4 Nc4 22.Ng3 Qd7
23.Ra1 g6 24.Be2 Ra8 25.Bd3 Nd6 26.Qe5 Nde8 27.Rae1 Qc7 28.Rb1 Bc8 29.Qxc7 Nxc7
30.Be5 Nfe8 31.c4 f6 32.Bd4 dxc4 33.Bxc4 Nd6 34.Ba2 Ndb5 35.Ba1 Na3 36.Rb6 Bd7
37.Rd1 Bb5 38.Rb7 Rc8 39.Bxe6+ Nxe6 40.Rxe7 Nxf4 41.Bxf6 Bc6 42.Rg7+ Kf8
43.Rxh7 Re8 44.Rh8+ Kf7 45.Rxe8 Kxe8 46.Kg1 Nxc2 47.Rc1 Ba4 48.Rb1 Bb5 49.Bg5 Nd3
50.Ne4 Kd7 51.Nc3 Bc4 52.Rb6 Ne5 53.Bf4 Nc6 54.Ne4 N2b4 55.Nc5+ Ke7 56.Bd2 a5
57.Bxb4 Nxb4 58.Rxg6 Bd5 59.h4 Bf7 60.Rb6 Be8 61.Kf2 Nc6 62.Ra6 Kf6 63.Nb7 Kf5
64.Nc5  1-0

[Event "Biel op"]
[Site "Biel"]
[Date "1992.??.??"]
[Round "1"]
[White "Golubev, Mihail"]
[Black "Kievelitz, Bernd"]
[Result "1-0"]
[WhiteElo "2490"]
[BlackElo "2265"]

1.e4 c5 2.Nf3 e6 3.Nc3 a6 4.d4 cxd4 5.Nxd4 Qc7 6.g3 Nf6 7.Bg2 Be7 8.O-O O-O
9.Re1 d6 10.g4 Nc6 11.g5 Nd7 12.Nb3 Re8 13.a4 b6 14.f4 Bb7 15.Be3 Rad8 16.Qh5 g6
17.Qh3 Bf8 18.Rad1 Ne7 19.Rf1 Bg7 20.Rf2 Nc5 21.Bd4 e5 22.Bxc5 dxc5 23.f5 Rxd1+
24.Nxd1 gxf5 25.exf5 Bxg2 26.Qxg2 Bf8 27.Nc3 Qc6 28.Qxc6 Nxc6 29.Nd5 Rb8
30.Nf6+ Kg7 31.Rf3 Bd6 32.Rh3 Rh8 33.Rh6 Kf8 34.Ne4  1-0

[Event "Biel op"]
[Site "Biel"]
[Date "1992.??.??"]
[Round "2"]
[White "Ciric, Dragoljub M"]
[Black "Cvitan, Ognjen"]
[Result "0-1"]
[WhiteElo "2385"]
[BlackElo "2550"]

1.e4 c5 2.Nf3 e6 3.Nc3 a6 4.d4 cxd4 5.Nxd4 d6 6.g3 Nf6 7.Bg2 Qc7 8.O-O Be7
9.Nce2 O-O 10.h3 Nc6 11.b3 Bd7 12.c4 b5 13.cxb5 Nxd4 14.Nxd4 axb5 15.Bb2 Rac8
16.Qd2 Qb8 17.Rfc1 g6 18.Rxc8 Rxc8 19.Rc1 e5 20.Ne2 Qa8 21.Rxc8+ Bxc8 22.Nc3 Bb7
23.Nxb5 Bxe4 24.Bxe4 Nxe4 25.Qe2 Ng5 26.f4 Ne4 27.fxe5 Nxg3 28.Qg2 Qxa2 29.Nc3 Qxb3
30.exd6 Bxd6 31.Qd2 Be5 32.Kg2 Qb7+ 33.Kf2  0-1

[Event "Biel op"]
[Site "Biel"]
[Date "1992.??.??"]
[Round "6"]
[White "Ziatdinov, Raset"]
[Black "Joksic, Sinisa"]
[Result "1-0"]
[WhiteElo "2460"]
[BlackElo "2335"]

1.e4 c5 2.Nf3 a6 3.Nc3 e6 4.d4 cxd4 5.Nxd4 Qc7 6.Be2 Nf6 7.O-O b5 8.Re1 d6
9.Bf3 Bb7 10.a4 b4 11.Na2 Be7 12.Bd2 a5 13.c3 bxc3 14.Nxc3 Nbd7 15.Ncb5 Qb8
16.Nb3 O-O 17.Nxa5 Ne5 18.Nxb7 Qxb7 19.Bc3 Rfd8 20.g3 h5 21.Bg2 h4 22.f4 Nc6
23.Qe2 d5 24.e5 Nd7 25.f5 Qb6+ 26.Kh1 d4 27.a5 Rxa5 28.Bxa5 Nxa5 29.fxe6 fxe6
30.Nxd4 Qxd4 31.Rxa5  1-0

[Event "Bled op"]
[Site "Bled"]
[Date "1992.??.??"]
[Round "5"]
[White "Zelcic, Robert"]
[Black "Farago, Ivan"]
[Result "1-0"]
[WhiteElo "2380"]
[BlackElo "2520"]

1.e4 c5 2.Nf3 e6 3.d4 cxd4 4.Nxd4 a6 5.Nc3 Qc7 6.Be2 Bb4 7.Qd3 Nf6 8.Bd2 Nc6
9.Nxc6 bxc6 10.O-O Be7 11.f4 d5 12.Kh1 Bb7 13.e5 Nd7 14.Rae1 g6 15.Na4 c5
16.b3 Qc6 17.Qg3 c4 18.Rb1 Rb8 19.Be3 O-O 20.f5 exf5 21.Bh6 Rfe8 22.Rxf5 Bf8
23.Bxf8 Kxf8 24.Rf2 Nxe5 25.Rbf1 Rbd8 26.Qh4 Kg8 27.Qd4 Re7 28.Nc5 Rde8 29.Rf6 Qc7
30.h3 Nc6 31.Qh4 Nd8 32.Nxb7 Re4 33.Qg5 Qxb7 34.Bf3 R4e5 35.Qd2 cxb3 36.axb3 Qb5
37.Rd1 d4 38.Rd6 Ne6 39.Ra1 Ng5 40.Bc6 Qb8 41.Rxd4 Re2 42.Qf4 Qxf4 43.Rxf4 Rd8
44.c4 Rdd2 45.Bd5 Ne6 46.Rf6 Nc7 47.Bf3 Re3 48.b4 Kg7 49.Rc6 Ne6 50.Rcxa6 Rb2
51.b5 Rc3 52.R6a2 Rxa2 53.Rxa2 Rxc4 54.Rb2 Nd4 55.b6 Nxf3 56.gxf3 Rc8 57.Kg2 Rb8
58.b7 g5 59.Kg3 Kg6 60.Rb6+ f6 61.Rb5 h5 62.f4 Kh6 63.Kf3 Kg6 64.Kg3 Kh6
65.Rb6 Kg7 66.Kf3 Kg6 67.fxg5 Kxg5 68.Rb5+ f5 69.Rb4 f4 70.Rb3 Kf5 71.Rb5+  1-0

[Event "Bogota Lat Cup"]
[Site "Bogota"]
[Date "1992.??.??"]
[Round "9"]
[White "Gutierrez, Jose Antonio"]
[Black "Zapata, Alonso"]
[Result "0-1"]
[WhiteElo "2310"]
[BlackElo "2530"]

1.e4 c5 2.Nf3 e6 3.d4 cxd4 4.Nxd4 a6 5.Nc3 Qc7 6.g3 Bb4 7.Ne2 Be7 8.Bg2 Nf6
9.O-O O-O 10.Bf4 d6 11.a4 Nc6 12.h3 Rb8 13.g4 Rd8 14.Ng3 b5 15.axb5 axb5
16.g5 Nd7 17.Nf5 exf5 18.Nd5 Qb7 19.exf5 Nde5 20.f6 Bf8 21.fxg7 Bxg7 22.Nf6+ Kh8
23.Bxe5 dxe5 24.Qf3 e4 25.Qh5 Bf5 26.Nxh7 Bg6 27.Qh4 Kg8 28.Nf6+ Bxf6 29.gxf6 Nd4
30.c3 Nf5 31.Qg5 Kh8 32.Rfe1 Rg8 33.Rxe4 Bh7 34.Rg4 Rxg5 35.Bxb7 Rxg4+ 36.hxg4 Rxb7
37.Ra8+ Bg8 38.gxf5 Rb6 39.Kf1 Rxf6 40.Ra5 Rxf5 41.c4 f6 42.b3 Kg7 43.cxb5 Bxb3
44.Ra7+ Kg6 45.b6 Rb5 46.Rb7 Bd5 47.Rb8 Bf3 48.Ke1 Rd5  0-1